000 00444nam a2200193Ia 4500
005 20250603145904.0
008 250603s9999 xx 000 0 und d
020 _a9789785621945
050 _aKP 134 .E5/
100 _aEnyia, Jacob O.
245 4 _aThe law of banking in Nigeria
250 _a1st edition
260 _aLagos
260 _bMalthouse press Ltd.
260 _c2018
300 _a692 p
650 _aLagos
942 _cBK
999 _c43154
_d43154